| 000 | 01673nam a22004337a 4500 | ||
|---|---|---|---|
| 001 | 000095148 | ||
| 003 | CHAP | ||
| 005 | 20220329143058.0 | ||
| 008 | 050131d2005 mx r 00110 spa d | ||
| 010 | _a91614 | ||
| 011 | _a92586 | ||
| 035 | _a103151 | ||
| 040 | _cCHAP | ||
| 090 | _aTesis | ||
| 100 | 0 | 0 |
_aEspinosa Fonseca, Laura. _937927 |
| 245 | 1 | 0 |
_aInfluencia de la cobertura vegetal (Glycine wightii (Wight & Arn) Verde., en la dinámica de artrópodos en plantaciones de naranja (Citrus sinensis(L.) Osbeck) en Martínez de la Torre, Veracruz / _c/por Laura Espinosa Fonseca. |
| 260 |
_aChapingo, Méx. : _bEl autor, _c2005. |
||
| 300 |
_a68 h. : _bilus. |
||
| 502 | _aTesis (M.C. en Protección Vegetal) -- UACH. Departamento de Parasitología Agrícola | ||
| 590 |
_aALEPH _b10 _c20130110 _lUCH01 _h1508 |
||
| 590 |
_aBATCH-UPD _b10 _c20130110 _lUCH01 _h0120 |
||
| 590 |
_aBATCH-UPD _b10 _c20130110 _lUCH01 _h1621 |
||
| 590 |
_aBATCH-UPD _b10 _c20140324 _lUCH01 _h1453 |
||
| 590 |
_aBATCH-UPD _b10 _c20141002 _lUCH01 _h0828 |
||
| 590 |
_aCONVERSION _b10 _c20130109 _lUCH01 _h1351 |
||
| 590 |
_aE792CSJ _b10 _c20130612 _lUCH01 _h1233 |
||
| 650 | 1 | 4 |
_aCultivos de cobertura. _930371 |
| 650 | 1 | 4 |
_aGlycine wightii. _948339 |
| 650 | 1 | 4 |
_aMalas hierbas. _969996 |
| 650 | 1 | 4 |
_aNaranja _xPlagas. _980182 |
| 650 | 1 | 4 |
_aNaranja _zVeracruz. _980199 |
| 856 |
_3Finding aid _uhttp://10.13.5.2/tesis/103151.pdf _zTeclea aquí |
||
| 901 | _aBK | ||
| 905 | _aAlejandra Carrasco M. | ||
| 942 | _cCD | ||
| 942 | _n0 | ||
| 949 |
_aTesis _bBC _cTES _d00000001031511 _eTS1 _gDonaciØn _h44178 _i103151 _sb |
||
| 949 |
_aTesis _bBC _cTES _d33724000968590 _eTS2 _fc.2 _gDonaciØn _h44179 _i103151 _si |
||
| 999 |
_c91614 _d91614 |
||